Analýza príčin odchýlok pri meraní presnosti polohovania laserovým interferometrom aplikáciou metódy 8D v Trens SK, a.s., Trenčín
Saved in:
| Main Author: | |
|---|---|
| Other Authors: | |
| Format: | Manuscript Book |
| Language: | Slovak |
| Published: |
2016
|
| Subjects: | |
| Online Access: | http://is.stuba.sk/zp/portal_zp.pl?podrobnosti=112606 |
| Tags: |
No Tags, Be the first to tag this record!
|
MARC
| LEADER | 00000ntm a22000003a 4500 | ||
|---|---|---|---|
| 001 | stuzp57872 | ||
| 003 | SK-STU | ||
| 005 | 20160719155405.0 | ||
| 007 | ta | ||
| 008 | 150427s2015----xo-----f-mn---000-0-slo-d | ||
| 040 | |a STU |b slo | ||
| 041 | 0 | |a slo | |
| 100 | 1 | |a Ondriška, Ondrej |u 064000 |4 aut |U MTF Materiálovotechnologická fakulta |T MTF Ústav priemyselného inžinierstva a manažmentu |X 41014 |U M4000 |Y 84 |7 41014 | |
| 242 | 0 | 1 | |a Cause Analysis of Deviations by Measuring Positioning Accuracy by Laser Interferometer Applying 8D Method in Trens SK, a.s., Trenčín |y eng |
| 245 | 1 | 0 | |a Analýza príčin odchýlok pri meraní presnosti polohovania laserovým interferometrom aplikáciou metódy 8D v Trens SK, a.s., Trenčín |
| 260 | |c 2016 | ||
| 650 | 4 | |a Metóda 8D |2 slo | |
| 650 | 4 | |a laserový interferometer |2 slo | |
| 650 | 4 | |a stroj SBE300 CNC |2 slo | |
| 650 | 4 | |a Laser Interferometer |2 eng | |
| 650 | 4 | |a machine SBE300 CNC |2 eng | |
| 650 | 4 | |a 8D Method |2 eng | |
| 700 | 1 | |a Pauliková, Alena |u 064000 |k Z1 |4 ths |U MTF Materiálovotechnologická fakulta |T MTF Ústav priemyselného inžinierstva a manažmentu |X 77968 |U M4000 |Y 84 |7 77968 | |
| 856 | 4 | |u http://is.stuba.sk/zp/portal_zp.pl?podrobnosti=112606 | |
| 996 | |c M* BP-7741 |l MMSKP |s P |a 0 |w stuzp57872_0001 | ||
| SQL | |a stuzp57872 |b DBP |c SLO |d Analýza príčin odchýlok pri meraní presnosti polohovania laserovým interferometrom aplikáciou metódy 8D v Trens SK, a.s., Trenčín |e 41014 |f Ondriška, Ondrej |g 064000 |h 77968 |i Pauliková, Alena |j 20160628 |k 171 |l 06 |m http://is.stuba.sk/zp/portal_zp.pl?podrobnosti=112606 |n B-KPR |o 5.2.57. kvalita produkcie | ||